02411nam a2200373 a 4500001001000000003000900010005001700019007000300036008003600039040003600075082002800111110006400139245009500203264006800298300008700366306000600453336002700459337003300486338004000519500007500559500013700634505020500771520037200976590002701348650009201375651008801467700003501555910004201590942001201632952012201644952012701766952012701893999001702020000030264DO-SdBPM20250919095334.0ta110505s2009 dr ||r|||p| spa III||| aDO-SdBPMbspacBPMSU erdadrda 4a304.66bR426so 20092222 aRepública Dominicana. bOficina Nacional de Estadística10aPerfiles sociodemográficos provinciales :bRegión Sur /cPresentación, Pablo Tactuk. aSanto Domingo :bOficina Nacional de Estadística (ONE),c2009 a168 páginas :b ilustraciones, mapas, gráficos, tabla, (algunas col.).c28 cm. a  atextobtxt2rdacontent asin mediaciónbn2rdamedia avolumenbnc0rdacarrier2rdacarrier aIncluye referencias bibliográficas y notas al pie de las páginas. aInformación estadísticas e indicadores sobre la situación demográfica, social y económica desagregadas a nivel provincial 0 aPresentación -- Azua 11 -- Baoruco 25 -- Barahona 41 -- Elías Piñas 57 -- Independencia 73 -- Pedernales 89 -- Peravia 105 -- San Criistóbal 121 -- San José de Ocoa 137 -- San Juan 153. aLa Oficina Nacional de Estadística (ONE) presenta una recopilación de las informaciones estadísticas de fuentes disponibles de cada una de las 32 provincias de la República Dominicana. Su aporte consiste en recoger, de manera atractiva y gráfica, una serie de informaciones relevantes presentadas tanto en valores absolutos como en porcentajes e indicadores aInventariado 2025 / VM 7aIndicadores socialeszRegión Sur (República Dominicana: provincia )vEstadística  7aRegión Sur (República Dominicana : provincias )xEstadísticas demográficas1 aTactuk, Pabloepresentación  a VMateo V. Control de calidad. BPMSU  2ddccBK 00102ddc708CDaBPMETbBPMETd2025-09-19l0oBPMSU CD 304.66 R426so 2009pBPMSU25090092r2025-09-19w2025-09-19yBK 00102ddc708CDaBPMETbBPMETd2025-09-19l0oBPMSU CD 304.66 R426so 2009pBPMSU25090093r2025-09-19te.2w2025-09-19yBK 00102ddc708CDaBPMETbBPMETd2025-09-19l0oBPMSU CD 304.66 R426so 2009pBPMSU25090094r2025-09-19te.3w2025-09-19yBK c15410d15410